Przeszłość obecnych obszarów diecezji pelplińskiej w latach 1772-1821
| Titel: | Przeszłość obecnych obszarów diecezji pelplińskiej w latach 1772-1821 : [Cz.1]: Okres przejściowy |
|---|---|
| Verfasser: | |
| In: |
Studia Pelplińskie, Band 30 (2000), Seite 253-272 alle Artikel anzeigen |
| Veröffentlicht: | 2000 |
| Format: | Aufsatz |
| Sprache: | Polnisch |
X
alg: 39356842 001A $01999:12-11-16 001B $01999:25-05-21 $t21:44:07.000 001C $06050:19-11-16 $t09:03:23.000 001D $01999:12-11-16 001U $0utf8 001X $00 002@ $0Aox 003@ $0393568423 007A $0393568423 $aHEB 007T $0Herdt08998 010@ $apol 011@ $a2000 021A $aPrzeszłość obecnych obszarów diecezji pelplińskiej w latach 1772-1821 $d[Cz.1]: Okres przejściowy 027A $aThe past of the present territories of the diocese of Pelplin within the years 1772-1821. Transition period 028A $7141317043 $8Szulist, Władysław$Z1936- [Tp3] $9223413828 031A $d30 $h253-272 $j2000 039B $aIn $8--Abvc--. Studia Pelplińskie. - Pelplin : Wydawnictwo "Bernardinum", 1969-. - ISSN 0239-4456 $x200000000300000747 $9047489731 045F $a307.094382 $eDDC23BSB 045F/01 $a307.09 045F/03 $g4382 045F/03 $g43832 045T $aOST $qDE-12 $2FID 045T $a1 046C $aThe past of the present territories of the diocese of Pelplin within the years 1772-1821. Transition period $bÜbers. des Hauptsacht. lok: 39356842 78 exp: 39356842 78 1 #EPN 201B/01 $004-09-24 $t00:33:07.000 201U/01 $0utf8 203@/01 $078967887X 208@/01 $a12-11-16 $be 209A/01 $a/ $f000 $x00 220C/01 $aTitelaufnehmer: uz 244Z/01 $2Trx $#Prusy Wschodnie i Zachodnie $8--Trx--Ost- und Westpreußen $x01 $939113373X 244Z/01 $#Diözese Pelplin $#Diecezja Pelplińska $#Diözese Pelplin $#Diecezja Pelplin $#Bistum Pelplin $#Dioecesis Pelplinensis $71340530619 $8--Tb1--Katholische Kirche$bDiözese Pelplin $x02 $9520995945 244Z/01 $aGeschichte 1772-1821 $x03 244Z/01 $2Trx $#piiskopkonnad $#vyskupijos $#diocese $#püspökségek $#biskupstwa $#biskupstvá $#biskupství $#Diözesen $#diecezje $#diecézy $8--Trx--Bistümer $x04 $939136264X 244Z/01 $2Trx $#valitsemine, kiriku $#bažnyčios administracija $#administration, clerical $#közigazgatás, egyházi $#administracja kościelna $#správa, cirkevná $#správa církevní $#Kirchenverwaltung $8--Trx--Verwaltung, kirchliche $x05 $9391370561 244Z/01 $2Trx $8--Trx--Zeitschriftenaufsatz $x06 $9391384341 245Z/01 $a13.02 $x01 245Z/01 $a10.02.02.01 $x02 247C/01 $82080>Marburg/Lahn, Herder-Institut, Forschungsbibliothek, Bibliographieportal $9336309341
| LEADER | 00000caa a22000002c 4500 | ||
|---|---|---|---|
| 001 | 393568423 | ||
| 003 | DE-603 | ||
| 005 | 20210525214407.0 | ||
| 007 | tu | ||
| 008 | 161112s2000 xx |||| | u00||u|pol c | ||
| 035 | |a (DE-599)HEB393568423 | ||
| 040 | |a DE-603 |b ger |c DE-603 |d DE-603 | ||
| 041 | |a pol | ||
| 082 | 0 | 4 | |8 1\u |a 307.094382 |q DE-101 |2 23/BSB |
| 084 | |a OST |q DE-12 |2 fid | ||
| 084 | |a 1 |2 ssgn | ||
| 085 | |8 1\u |b 307.09 | ||
| 085 | |8 1\u |z 2 |s 4382 | ||
| 085 | |8 1\u |z 2 |s 43832 | ||
| 100 | 1 | |a Szulist, Władysław |d 1936- |0 (DE-603)223413828 |0 (DE-588)141317043 |2 gnd | |
| 245 | 0 | 0 | |a Przeszłość obecnych obszarów diecezji pelplińskiej w latach 1772-1821 |b [Cz.1]: Okres przejściowy |
| 246 | 1 | |i Übers. des Hauptsacht. |a The past of the present territories of the diocese of Pelplin within the years 1772-1821. Transition period | |
| 246 | 1 | 3 | |a The past of the present territories of the diocese of Pelplin within the years 1772-1821. Transition period |
| 264 | 0 | |c 2000 | |
| 773 | 0 | 8 | |i In |t Studia Pelplińskie |d Pelplin : Wydawnictwo "Bernardinum", 1969- |x 0239-4456 |g Band 30 (2000), Seite 253-272 |w (DE-603)047489731 |w (DE-600)304909-7 |
| 924 | 0 | |9 2080 |a (DE-603)78967887X |b DE-2080 |c HES |d d |g / | |


